00325nam a2200121Ia 4500008004100000041000800041082001200049100002000061245004500081260003400126300003200160365001100192240624s9999 xx 000 0 und d aeng a100 RAG aRAGHURAMARAJU A aPHILOSOPHY AND INDIA ANCESTORS OUTSIDERS c2013aNew DelhibOxford India axvii, : 152 : p. : cm. ; 22 cRSb31